书目信息 |
| 题名: |
道德与法治
|
|
| 作者: | ;教育部 | |
| 分册: | :四年级上册 | |
| 出版信息: | 北京 人民教育出版社 2019 |
|
| 页数: | 95 | |
| 开本: | 30cm | |
| 丛书名: | ||
| 单 册: | ||
| 中图分类: | G624.151 | |
| 科图分类: | ||
| 主题词: | 教育--各级 | |
| 电子资源: | ||
| ISBN: | 978-7-107-33512-9 | |
| 000 | 00543nam0 2200181 450 | |
| 001 | 2454570766 | |
| 005 | 20240927091257.51 | |
| 010 | @a978-7-107-33512-9@dCNY6.25 | |
| 100 | @a20230512d km y0chiy0120 ea | |
| 101 | 0 | @achi |
| 200 | 1 | @a道德与法治@ADao De Yu Fa Zhi@h:四年级上册@f教育部@FJiao Yu Bu |
| 210 | @a北京@c人民教育出版社@d2019 | |
| 215 | @a95@d30cm | |
| 606 | 0 | @a教育@x各级 |
| 690 | @aG624.151@v4 | |
| 711 | 02 | @a教育部@AJiao Yu Bu |
| 801 | 0 | @aCN@b大连网信软件有限公司图书馆·11@c20240927 |
| 905 | @aZUCC@b7872722@dG624.151@e2942:4(1) | |
| 道德与法治.:四年级上册/教育部.-北京:人民教育出版社,2019 |
| 95;30cm |
| ISBN 978-7-107-33512-9:CNY6.25 |
| ● |
| 相关链接 |
|
|
|
|
正题名:道德与法治
索取号:G624.151/2942:4(1)
 
预约/预借
| 序号 | 登录号 | 条形码 | 馆藏地/架位号 | 状态 | 备注 |
| 1 | 1053783 | 210537837 | 第一样本阅览室/ [索取号:G624.151/2942:4(1)] | 在馆 | |
| 2 | 1053784 | 210537846 | 第四借阅区/ [索取号:G624.151/2942:4(1)] | 在馆 | |
| 3 | 1053785 | 210537855 | 第四借阅区/ [索取号:G624.151/2942:4(1)] | 在馆 | |
| 4 | 1053786 | 210537864 | 第四借阅区/ [索取号:G624.151/2942:4(1)] | 在馆 | |
| 5 | 1053787 | 210537873 | 第四借阅区/ [索取号:G624.151/2942:4(1)] | 在馆 |